Grafías: escritura asociativa, aprestamiento cursiva 1
Na minha lista:
| Autor principal: | |
|---|---|
| Formato: | Livro |
| Idioma: | espanhol |
| Publicado em: |
Bogotá
Norma
1990
|
| Colecção: | Serie Grafías para el desarrollo de la escritura
|
| Assuntos: | |
| Tags: |
Adicionar Tag
Sem tags, seja o primeiro a adicionar uma tag!
|
MARC
| LEADER | 00000nam a2200000 a 4500 | ||
|---|---|---|---|
| 001 | UCW6675 | ||
| 003 | CL-VaPUC | ||
| 008 | 920423e19900000CK |||||||||||||||||spa|d | ||
| 082 | 0 | 4 | |a 372.634 |b MAR |2 21 |
| 100 | |a Martínez de Lombana, Marta Lucía |e autora |9 311693 | ||
| 245 | 1 | 0 | |a Grafías: escritura asociativa, aprestamiento cursiva 1 |
| 300 | |a 64 p | ||
| 942 | |c BK | ||
| 945 | |d 19920423 00:00:00 | ||
| 260 | |a Bogotá |b Norma |c 1990 | ||
| 650 | 7 | |a ESCRITURA ENSEÑANZA BASICA |2 CL-VaPUC |9 311692 | |
| 583 | |a last modification |c 19920423 00:00:00 |k Rodrigo Vera | ||
| 490 | 0 | |a Serie Grafías para el desarrollo de la escritura | |
| 999 | |c 219644 |d 219642 | ||
| 952 | |0 0 |1 0 |4 0 |6 372_634000000000000_MAR_1990 |7 0 |8 A |9 210840 |a BIBEDU |b BIBEDU |d 2019-11-15 |h v.1 |i 2790645 |o 372.634 MAR 1990 |p 2790645 |r 2019-11-15 |w 2019-11-15 |y BK |k EDU | ||
| 952 | |0 0 |1 0 |4 0 |6 372_634000000000000_MAR_1990 |7 0 |8 A |9 210841 |a BIBEDU |b BIBEDU |d 2019-11-15 |h v.1 |i 2790653 |o 372.634 MAR 1990 |p 2790653 |r 2019-11-15 |w 2019-11-15 |y BK |k EDU | ||